[Event "Dubai bin Rashid Cup Blitz"]
[White "Sargissian,Gabriel"]
[Black "Pichot,Alan"]
[Site "Dubai"]
[Round "11"]
[Annotator ""]
[Result "1/2-1/2"]
[Date "2021.12.09"]
[WhiteElo "2661"]
[BlackElo "2629"]
[PlyCount "149"]

1. d4 Nf6 2. c4 e6 3. Nf3 d5 4. g3 dxc4 5. Bg2 a6 6. O-O Nc6 7. a4 Rb8 8. a5 b5 9. axb6 cxb6 10. Bf4 Bd6 11. Ne5 Nb4 12. Bc6+ Kf8 13. Nd7+ Kg8 14. Nxb8 Bxb8 15. Bg2 Bxf4 16. gxf4 g6 17. Nc3 Kg7 18. b3 cxb3 19. Qxb3 a5 20. Rfd1 Ba6 21. Qb2 Qc7 22. e3 Bb7 23. d5 exd5 24. Rac1 Qd7 25. Na2 Nxa2 26. Qxa2 Rc8 27. Qb2 Rxc1 28. Rxc1 b5 29. Rc5 d4 30. Qxb5 dxe3 31. Qxd7 exf2+ 32. Kxf2 Nxd7 33. Rxa5 Bxg2 34. Kxg2 Nf6 35. Kf3 Ne8 36. Ra6 Nc7 37. Rd6 Ne6 38. Ke4 Kf6 39. Rd5 Nc7 40. Rd1 Ne6 41. Rd6 Ke7 42. Rd5 Kf6 43. h4 h5 44. f5 gxf5+ 45. Rxf5+ Kg6 46. Ke5 Nf8 47. Rg5+ Kh6 48. Rg8 Ng6+ 49. Kf6 Kh7 50. Rg7+ Kh6 51. Rg8 Kh7 52. Rg7+ Kh6 53. Rxf7 Nxh4 54. Rg7 Nf3 55. Rg3 Nh2 56. Rg6+ Kh7 57. Kg5 Ng4 58. Kxh5 Ne5 59. Re6 Nf7 60. Kg4 Kg7 61. Kf5 Nh6+ 62. Ke5 Nf7+ 63. Kd5 Kf8 64. Re4 Kg7 65. Re3 Kf6 66. Re2 Ng5 67. Rf2+ Ke7 68. Rf1 Nf7 69. Rf5 Nd6 70. Re5+ Kd7 71. Rh5 Nf7 72. Rh4 Ke7 73. Rf4 Nd6 74. Rf1 Nf7 75. Ke4 1/2-1/2

[Event "Dubai bin Rashid Cup Rapid"]
[White "Mchedlishvili,Mikheil"]
[Black "Pichot,Alan"]
[Site "Dubai"]
[Round "8"]
[Annotator ""]
[Result "1/2-1/2"]
[Date "2021.12.08"]
[WhiteElo "2587"]
[BlackElo "2630"]
[PlyCount "98"]

1. d4 Nf6 2. c4 e6 3. Nf3 d5 4. Nc3 Bb4 5. cxd5 exd5 6. Bg5 h6 7. Bh4 O-O 8. e3 Bf5 9. Be2 Nbd7 10. Qb3 a5 11. O-O c6 12. Ne5 Qb8 13. Bg3 Bd6 14. f4 Qa7 15. a3 Rac8 16. Bf3 b5 17. Bh4 Be7 18. Rac1 Nb6 19. Qd1 Nc4 20. Qe2 Bh7 21. Kh1 Nd6 22. Nd1 Qb7 23. Nf2 Rfe8 24. Nfd3 Nfe4 25. Bxe7 Rxe7 26. Bg4 Rcc7 27. Nc5 Qa8 28. Ned3 Qe8 29. Rfe1 Nc4 30. Nxe4 Bxe4 31. Ne5 f6 32. Bh5 g6 33. Nxc4 bxc4 34. Bf3 Rb7 35. Bxe4 Rxe4 36. Qd2 Rbe7 37. Qxa5 Rxe3 38. Rxe3 Rxe3 39. h3 h5 40. Qc7 Re2 41. a4 Qe4 42. Rg1 Rxb2 43. a5 Ra2 44. Qxc6 Qxd4 45. Qe8+ Kg7 46. Qe7+ Kh6 47. Qf8+ Kh7 48. Re1 Ra1 49. Qf7+ Kh6 1/2-1/2